000
00291nam a22001337a 4500
008
170601b xxu||||| |||| 00| 0 eng d
020
_a
0275942929
041
_a
eng
080
_a
94(100)
100
_a
17
101
_a
SHH
245
_a
IRAN AFTER KHOMEINI
_c
HUNTER,SH.T
942
_2
udc
_c
BK
999
_c
15247
_d
15247